|
ห้องสมุดวิทยาลัยพยาบาลบรมราชชนนี ตรัง |
|
แสดงรายละเอียดบรรณานุกรม |
|
|
Brief Record
: Get Marc (ISO 2709)
: E-mail record
: |
|
|
| LEADER 00000nam 2200000uu 4500 | |||
| 001 13399123907 | |||
| 003 BCNT | |||
| 008 260701s||||||||th 000 0 tha d | |||
| 020 ^a9786166040616 | |||
| 040 BCNT | |||
| 050 4 WY100 ณ371ค 2568 | |||
| 060 WY100 ณ371ค 2568 | |||
| 100 0 ^aณัฐสุรางค์ บุญจันทร์. | |||
| 245 1 ^aคู่มือปฏิบัติการพยาบาลพื้นฐาน =^bHandbook for fundamentals of nursing practice /^cณัฐสุรางค์ บุญจันทร์. | |||
| 246 3 ^aHandbook for fundamentals of nursing practice | |||
| 250 ^aพิมพ์ครั้งที่ 2. | |||
| 260 ^aกรุงเทพฯ :^bหจก.เอ็นพีเพรส,^c2568. | |||
| 300 ^a348 หน้า :^bภาพประกอบ. | |||
| 610 ^aการพยาบาลพื้นฐาน. | |||
| 650 ^aHealth Sciences Branch. | |||
| 999 ^aparamin | |||
| คุณยังไม่ได้ล็อกอิน คุณสามารถมีกิจกรรมร่วมกับเว็บไซต์ได้ แต่ต้องล็อกอินก่อน :: |
|
| สถานะ | |||||||||
| 1. | หนังสือ | WY100 ณ371ค 2568 c.1 | ►ระบบ NLM | On Shelf | |||||
| 2. | หนังสือ | WY100 ณ371ค 2568 c.2 | ►ระบบ NLM | On Shelf | |||||
| 3. | หนังสือ | WY100 ณ371ค 2568 c.3 | ►ระบบ NLM | On Shelf | |||||
| 4. | หนังสือ | WY100 ณ371ค 2568 c.4 | ►ระบบ NLM | On Shelf | |||||
| 5. | หนังสือ | WY100 ณ371ค 2568 c.5 | ►ระบบ NLM | On Shelf | |||||
| [แสดง 5/5 รายการ] | |||||||||
BibComment |
| คอมเมนท์ทรัพยากรรายการนี้ |
|
|